Регионална библиотека "Любен Каравелов" - Русе

Спектър (Запис номер 89495)

MARC детайли
000 -Лидер
Контролно поле с фиксирана дължина 01578nam a2200361 c 4500
003 - Код на организацията, давaща контролен номер
Контролно поле BLK
005 - Дата и час на последна редакция
Контролно поле 20250203174452.0
008 - Елементи от данни с фиксирана дължина
fixed length control field 180408b bul|||||r ||||||| ||bul||
010 ## - Наследен системен номер
LC control number KNG00094195000
020 ## - Международен стандартен номер на книга ISBN
Международен стандартен номер на книга ISBN 978-954-761-425-3
-- издат.: ИнфоДар - на том(т. 2)
040 ## - Източник на каталожния запис
Идентификатор на билиотеката - собственик на записа BLK
041 ## - Код за език
Код за езика на текст/звукозапис или на отделно заглавие Български
Код за езика КДБФ Български
080 ## - УДК
Текстов определител УДК Руска литература
УДК код - определител по УДК 821.161.1
УДК определител -312.9
УДК - код + определител 821.161.1-312.9
100 1# - Редна дума - Автор
Автор Лукяненко, Сергей Василиевич
Авторска отговорност първи автор
R(LIN) 89889
139 ## - Редно поле
Редна дума Лукяненко, Сергей Василиевич
Авторски знак Лук - Л 86
245 10 - Сведения за заглавието
Заглавие Спектър
Подзаглавни данни Всеки ловец иска да знае : Роман в 7 ч., със седем пролога и един пролог : Т. 1 -
Редно поле (дума) Сергей Василиевич Лукяненко; прев. от рус. Васил Велчев.
Том Т. 2
257 ## - Страна на издаване
Страна на създаване/издаване Русия
260 ## - Област на издателските данни
-- София
Година на издаване 2009
300 ## - Физическа характеристика
Размери/Мащаб 20 см
380 ## - Жанр
Жанр Худож. лит.
490 1# - СЕРИИ (Колекции)
Име на серия Библиотека Светове
№: серия Кн. 5
500 ## - Общи забележки
Забележка Ориг. загл. Спектр / С. В. Лукьяненко. - Офс. изд.
653 ## - Ключова дума – ненормативна
Ключова дума фантастика
653 ## - Ключова дума – ненормативна
Ключова дума романи
700 1# - Други автори (авторска отговорност)
Лично име Велчев, Васил
Автороска отговорност (Описва отношението между автора и произведението) прев. от рус.
9 (RLIN) 371331
760 1# - Описание на основната серия
-- - на том(т. 2)
Редна дума на основното описание Лукяненко, Сергей Василиевич
Място на издаване, издател и година ИнфоДар, 2009
Заглавие Т. 2
852 ## - Местоположение
Форматна сигнатура Цб 247075
856 4# - Електронен адрес и достъп
Електронен формат pdf - файл
Път до файла /url/
856 4# - Електронен адрес и достъп
Електронен формат pdf - файл
Път до файла /url/
942 ## - АРТИКУЛИ
Вид на библиотечния материал Книги
Скрит в OPAC Не
Koha issues (borrowed), all copies 5
944 ## - СЪЗДАВАНЕ И РЕДАКЦИЯ на ЗАПИСА
Създаване/Редакция Създаване
Дата на регистрацията/редакция 09.02.2010
Статус, дата на статуса Цветомила Тодорова
Служител, извършил регистрацията/редакцията 30576
944 ## - СЪЗДАВАНЕ И РЕДАКЦИЯ на ЗАПИСА
Създаване/Редакция Редакция
Дата на регистрацията/редакция 15.06.2011
Статус, дата на статуса ф /
Служител, извършил регистрацията/редакцията
999 ## - СИСТЕМНИ КОНТРОЛНИ НОМЕРА
Koha biblionumber 89495
Koha biblioitemnumber 89495
Наличности
Код за отписване Код за изгубен артикул Код за повреда Коз за рестрикции Код за отдаване Артикулен № Име на библиотеката - собственик Име на библиотеката, в която се намира в момента Статус (Текущо местоположение) Дата на вписване в системата Местоположение - отдел Цена в лева Инвентарен номер Систематично азбучна сигнатура Баркод Номер на екземпляра Цена в евро Служебна бележка Служебен тип на артикула
  Не е изгубен Не е повреден без рестрикции заемане за дома 144961 Регионална библиотека "Любен Каравелов" Русе Регионална библиотека "Любен Каравелов" Русе Заемна - подръчен фонд 2010-02-09 Заемна - подръчен фонд 13.00 120000742037 П 882-31/Л 86 120000742037 1 6.65 Дост: Pk Вид: Ф N: 364 Дата: 09.02.2010 Дата инв: 12.02.2018 Бележки инв: П2018 Книги
  Не е изгубен Не е повреден без рестрикции ползва се в читалня 144962 Регионална библиотека "Любен Каравелов" Русе Регионална библиотека "Любен Каравелов" Русе Хранилище 2011-02-24 Хранилище 13.00 120000749446 Цб 247075 120000749446 2 6.65 Дост: Dp Вид: Д N: 24 Дата: 16.06.2010 Книги
Vip Innovations Ltd, Rousse, Bulgaria 2025